Aun es posible alcanzar las metas del milenio hacia el 2015
Uloženo v:
| Médium: | Text |
|---|---|
| Témata: | |
| Tagy: |
Přidat tag
Žádné tagy, Buďte první, kdo vytvoří štítek k tomuto záznamu!
|
MARC
| LEADER | 00000 a a2200000 04500 | ||
|---|---|---|---|
| 001 | 10264 | ||
| 003 | |||
| 040 | |||
| 245 | |a Aun es posible alcanzar las metas del milenio hacia el 2015 | ||
| 650 | |a DESARROLLO SOCIAL | ||
| 650 | |a ACUERDOS INTERNACIONALES | ||
| 773 | |g número 40; páginas 2-3 | ||
| 999 | |c 23652 |d 23652 | ||
